Pays finalistes de la Coupe du monde - Mort subite - Statistiques

Statistiques générales
  • Ce quiz a été pris 579 fois
  • Le résultat moyen est 8 sur 13
Answers on the Grid
Answers color-coded by a green-red scale on the quiz's grid according to % correct below.
Allemagne
Brésil
Italie
Argentine
France
Pays-Bas
Uruguay
Tchécoslovaquie
Hongrie
Angleterre
Espagne
Suède
Croatie
Mexique
Belgique
Yougoslavie
Suisse
Union soviétique
Corée du Sud
États-Unis
Chili
Pologne
Paraguay
Ecosse
Portugal
Cameroun
Autriche
Bulgarie
Roumanie
Japon
 
Statistiques - réponses
Réponse % Correct
France
77%
Italie
75%
Allemagne
74%
Brésil
74%
Argentine
72%
Croatie
70%
Espagne
69%
Angleterre
67%
Pays-Bas
65%
Uruguay
62%
Suède
23%
Hongrie
22%
Tchécoslovaquie
21%
Aucun quiz correspondant
Distribution des résultats
% des personnes avec chaque résultat
Percentile par nombre de réponses
Votre historique - résultats
Vous n’avez pas pris ce quiz